| 000 | 01269nam a2200241Ia 4500 | ||
|---|---|---|---|
| 001 | 282 | ||
| 003 | GE_BSU | ||
| 008 | 181216s||||||||xx |||||||||||||| ||und|| | ||
| 020 | _a999286379X | ||
| 040 | _cGE_BSU | ||
| 080 | _a615.3(035) | ||
| 100 | _aთურმანაული,გივი | ||
| 245 | _aძირითადი სამკურნალო და ადივანსური მოქმედების კლინიკურ–ფარმაკოლოგიური ჯგუფის პრეპარატები | ||
| 245 | _bქართული სამედიცინო ენციკლოპედიის დანართი–ცნობარი. სახელმძღვანელო | ||
| 245 | _cგივი თურმანაული;ნიკო გონგაძე | ||
| 260 | _aთბილისი | ||
| 260 | _bცის ნამი | ||
| 260 | _c2006 | ||
| 300 | _a424გვ. | ||
| 541 | _h20ლ. | ||
| 653 | _aძირითადი სამკურნალო და ადივანსური მოქმედების კლინიკურ–ფარმაკოლოგიური ჯგუფის პრეპარატები | ||
| 942 | _cBK | ||
| 999 |
_c34532 _d34532 |
||